[Event "Moscow RUS"]
[Site "?"]
[Date "2004.02.23"]
[Round "7"]
[White "Shariyazdanov Andrey"]
[Black "Yandemirov Valeri"]
[Result "1/2-1/2"]
[WhiteElo "2583"]
[BlackElo "2488"]
[PlyCount "91"]
[EventDate "2004.??.??"]
[Source "www.chesslib.no"]
[SourceDate "2004.05.04"]

1. d4 Nf6 2. c4 g6 3. Nc3 d5 4. cxd5 Nxd5 5. e4 Nxc3 6. bxc3 Bg7 7. Bc4 O-O 8. Ne2 Nc6 9. O-O Na5 10. Bd3 Be6 11. d5 Bg4 12. Rb1 c6 13. f3 Bd7 14. c4 e6 15. Ba3 Re8 16. d6 c5 17. Bxc5 b6 18. Ba3 Nb7 19. Bc2 Rc8 20. Bb3 Nc5 21. Qd2 Rc6 22. Rbd1 Qb8 23. Nc3 Bxc3 24. Qxc3 e5 25. Rd5 Rxd6 26. Rxe5 Rd3 27. Rxe8+ Qxe8 28. Qc2 Qe5 29. Bb2 Qf4 30. Ba1 Qe3+ 31. Kh1 Nxb3 32. axb3 Rd2 33. Qc3 Qxc3 34. Bxc3 Rd3 35. Rc1 a5 36. Kg1 a4 37. bxa4 Bxa4 38. Kf2 Rd1 39. Rxd1 Bxd1 40. Ke3 Ba4 41. Bd4 b5 42. c5 b4 43. Kd3 Bb5+ 44. Kc2 Ba4+ 45. Kb2 Kf8 46. Bf2 1/2-1/2

[Event "CCCA"]
[Site "?"]
[Date "1996.07.15"]
[Round "?"]
[White "Tikkanen Kari"]
[Black "Hollis Adrian Swayne (ENG)"]
[Result "1/2-1/2"]
[WhiteElo "2490"]
[BlackElo "2535"]
[PlyCount "64"]
[EventDate "1996.??.??"]
[Source "www.chesslib.no"]
[SourceDate "2004.05.04"]

1. d4 Nf6 2. c4 g6 3. Nc3 d5 4. cxd5 Nxd5 5. e4 Nxc3 6. bxc3 Bg7 7. Bc4 O-O 8. Ne2 Nc6 9. O-O b6 10. Bg5 Na5 11. Bd3 c5 12. d5 f5 13. f3 fxe4 14. fxe4 Rxf1+ 15. Qxf1 h6 16. Bf4 e5 17. Be3 Nb7 18. a4 Bd7 19. c4 Qc7 20. Nc3 Rf8 21. Qe1 a5 22. Qd2 Kh7 23. d6 Nxd6 24. Nd5 Qd8 25. Rb1 Bc6 26. Nxb6 Bxe4 27. Bxc5 Nxc4 28. Nxc4 Qxd3 29. Qxd3 Bxd3 30. Bxf8 Bxb1 31. Bxg7 Kxg7 32. Nxa5 Bc2 1/2-1/2

[Event "Palma de Mallorca"]
[Site "?"]
[Date "1992.??.??"]
[Round "?"]
[White "Topalov, V."]
[Black "Tukmakov, V."]
[Result "0-1"]
[WhiteElo "2460"]
[BlackElo "2535"]
[PlyCount "66"]
[EventDate "1992.??.??"]
[Source "ChessBase"]
[SourceDate "1992.02.01"]

1. d4 Nf6 2. c4 g6 3. Nc3 d5 4. cxd5 Nxd5 5. e4 Nxc3 6. bxc3 Bg7 7. Bc4 O-O 8. Ne2 Nc6 9. O-O e5 10. Ba3 Re8 11. Bxf7+ Kxf7 12. Qb3+ Kf6 13. f4 Bh6 14. fxe5+ Kg7 15. Rf6 Bg4 16. Rf7+ Kh8 17. Qxb7 Nxe5 18. Rxc7 Nd7 19. Bd6 Rc8 20. Ng3 Rxc7 21. Bxc7 Qg5 22. h3 Qe3+ 23. Kh2 Qxc3 24. Rf1 Be6 25. d5 Bg8 26. Bf4 Bxf4 27. Rxf4 Nf6 28. Qa6 Kg7 29. Qxa7+ Bf7 30. Ne2 Qe5 31. Kg1 Re7 32. Qd4 Qxd4+ 33. Nxd4 Rxe4 0-1

[Event "DDR Ch 24th"]
[Site "Stralsund"]
[Date "1975.??.??"]
[Round "6"]
[White "Moehring, Guenther"]
[Black "Uhlmann, Wolfgang"]
[Result "1/2-1/2"]
[WhiteElo "2450"]
[BlackElo "2535"]
[PlyCount "125"]
[EventDate "1975.02.??"]
[Source "www.chesslib.no"]
[SourceDate "2004.05.04"]

1. d4 Nf6 2. c4 g6 3. Nc3 d5 4. cxd5 Nxd5 5. e4 Nxc3 6. bxc3 Bg7 7. Bc4 O-O 8. Ne2 Nc6 9. Bg5 Qd7 10. Qd2 Na5 11. Bd3 c5 12. Rc1 Nc6 13. Bb5 Qg4 14. O-O Qxe4 15. Ng3 Qd5 16. Bxc6 bxc6 17. Bxe7 Ba6 18. Rfe1 cxd4 19. Bxf8 Rxf8 20. cxd4 Bxd4 21. Ne4 Rd8 22. Qg5 Qxg5 23. Nxg5 Bb6 24. Rcd1 Rd5 25. Rxd5 cxd5 26. a4 Bc4 27. Re7 d4 28. Rd7 Bb3 29. a5 Bxa5 30. Rxd4 Bb6 31. Rb4 Bd5 32. Ne4 Kg7 33. Nc3 Bc6 34. Rc4 Bd7 35. Nd5 Bd8 36. Rd4 Ba5 37. Nc7 Bc6 38. Rc4 Bd7 39. Rd4 Bc6 40. Rc4 Bd7 41. g3 Kf6 42. Rf4+ Ke7 43. Nd5+ Ke6 44. Nf6 Bc6 45. Nxh7 Bd8 46. h4 f6 47. Rc4 Bb5 48. Rc8 Be7 49. Rb8 Bc6 50. g4 a5 51. h5 gxh5 52. gxh5 Kf7 53. Rb6 Be4 54. Ra6 Bxh7 55. Rxa5 Bd6 56. Ra7+ Kg8 57. Kg2 Bf5 58. f3 Be5 59. Re7 Kf8 60. Rb7 Kg8 61. Re7 Bf4 62. Ra7 Be6 63. Ra4 1/2-1/2

[Event "Zalakaros op 19th"]
[Site "?"]
[Date "2000.05.27"]
[Round "9"]
[White "Lukacs Peter"]
[Black "Okhotnik Vladimir"]
[Result "1/2-1/2"]
[WhiteElo "2460"]
[BlackElo "2499"]
[PlyCount "33"]
[EventDate "2000.??.??"]
[Source "www.chesslib.no"]
[SourceDate "2004.05.04"]

1. d4 Nf6 2. c4 g6 3. Nc3 d5 4. cxd5 Nxd5 5. e4 Nxc3 6. bxc3 Bg7 7. Bc4 O-O 8. Ne2 Nc6 9. Bg5 h6 10. Be3 e5 11. O-O Qe7 12. f3 Kh7 13. Rc1 b6 14. Bd5 Bb7 15. dxe5 Bxe5 16. c4 Na5 17. Bxb7 1/2-1/2

[Event "Corr"]
[Site "corr"]
[Date "1994.??.??"]
[Round "?"]
[White "Rotariu, Gheorghe S"]
[Black "Hollis, Adrian Swayne"]
[Result "1-0"]
[WhiteElo "2410"]
[BlackElo "2540"]
[PlyCount "47"]
[EventDate "1994.??.??"]
[Source "www.chesslib.no"]
[SourceDate "2004.05.04"]

1. d4 Nf6 2. c4 g6 3. Nc3 d5 4. cxd5 Nxd5 5. e4 Nxc3 6. bxc3 Bg7 7. Bc4 O-O 8. Ne2 Nc6 9. h4 Na5 10. Bd3 c5 11. h5 cxd4 12. cxd4 Nc6 13. hxg6 hxg6 14. Bh6 Bxh6 15. Rxh6 Nxd4 16. Qd2 e5 17. Rh2 Qf6 18. Nxd4 exd4 19. Ke2 Be6 20. Rah1 Rfc8 21. Rh7 Bg4+ 22. Kf1 Kf8 23. R1h4 Bd7 24. e5 1-0

[Event "DDR Ch 25. playoff"]
[Site "Groeditz"]
[Date "1976.??.??"]
[Round "4"]
[White "Moehring, Guenther"]
[Black "Uhlmann, Wolfgang"]
[Result "1-0"]
[WhiteElo "2350"]
[BlackElo "2555"]
[PlyCount "147"]
[EventDate "1976.07.25"]
[Source "www.chesslib.no"]
[SourceDate "2004.05.04"]

1. d4 Nf6 2. c4 g6 3. Nc3 d5 4. cxd5 Nxd5 5. e4 Nxc3 6. bxc3 Bg7 7. Bc4 O-O 8. Ne2 Nc6 9. Bg5 b6 10. O-O Bb7 11. Qd2 Qd7 12. Bh6 e6 13. Rad1 Na5 14. Bd3 c5 15. Bxg7 Kxg7 16. h4 Rac8 17. h5 cxd4 18. cxd4 Nc4 19. Qf4 Qe7 20. e5 Nb2 21. Rd2 Nxd3 22. Rxd3 Ba6 23. Ra3 Bxe2 24. Rxa7 Qd8 25. Rd7 g5 26. Qg3 h6 27. Rxd8 Rfxd8 28. Re1 Bxh5 29. f4 Rxd4 30. fxg5 Rg4 31. gxh6+ Kh7 32. Qd3+ Bg6 33. Qf3 Bf5 34. Rd1 Rc2 35. Rd7 Kxh6 36. Rxf7 Rc1+ 37. Kh2 Rh4+ 38. Kg3 Rg4+ 39. Kh2 Rh4+ 40. Kg3 Rg4+ 41. Qxg4 Bxg4 42. Kxg4 Rc2 43. g3 Rxa2 44. Rf6+ Kg7 45. Rxe6 Re2 46. Kf5 Rf2+ 47. Kg5 Re2 48. Re7+ Kf8 49. Kf6 Rf2+ 50. Ke6 Rg2 51. Rf7+ Kg8 52. Rf3 b5 53. Rb3 Kf8 54. Kf5 Kf7 55. g4 Rf2+ 56. Kg5 Ke6 57. Rxb5 Rg2 58. Ra5 Rg1 59. Kh5 Rg2 60. Rc5 Rg1 61. Kg5 Rg2 62. Rb5 Rg1 63. Ra5 Rg2 64. Ra1 Re2 65. Kg6 Rxe5 66. g5 Ke7 67. Rf1 Ke8 68. Kh6 Re2 69. g6 Ke7 70. Kg7 Re3 71. Kg8 Re2 72. g7 Re3 73. Rh1 Rg3 74. Kh7 1-0

[Event "Buzias"]
[Site "?"]
[Date "1991.??.??"]
[Round "?"]
[White "Marin, Mihail"]
[Black "Navrotescu, C."]
[Result "1-0"]
[WhiteElo "2525"]
[BlackElo "2370"]
[PlyCount "59"]
[EventDate "1991.??.??"]
[Source "ChessBase"]
[SourceDate "1991.10.01"]

1. d4 Nf6 2. c4 g6 3. Nc3 d5 4. cxd5 Nxd5 5. e4 Nxc3 6. bxc3 Bg7 7. Bc4 O-O 8. Ne2 Nc6 9. Be3 e5 10. O-O Na5 11. Bd3 b6 12. Rc1 Bb7 13. Qd2 Qd7 14. Bh6 c5 15. Bxg7 Kxg7 16. f4 f5 17. d5 fxe4 18. Bxe4 Nc4 19. Qd3 Nd6 20. c4 b5 21. cxb5 c4 22. Qe3 Qxb5 23. Rb1 Qe8 24. Nc3 exf4 25. Qd4+ Kg8 26. Rxb7 Nxb7 27. d6 Rf7 28. Bd5 Rd8 29. Ne4 Rxd6 30. Bxf7+ 1-0

[Event "Corr"]
[Site "?"]
[Date "1998.??.??"]
[Round "?"]
[White "Luzardo Alvarez Julio Cesar"]
[Black "Leotard Christophe"]
[Result "0-1"]
[WhiteElo "2315"]
[BlackElo "2575"]
[PlyCount "88"]
[EventDate "1998.??.??"]
[Source "www.chesslib.no"]
[SourceDate "2004.05.04"]

1. d4 Nf6 2. c4 g6 3. Nc3 d5 4. cxd5 Nxd5 5. e4 Nxc3 6. bxc3 Bg7 7. Bc4 O-O 8. Ne2 Nc6 9. O-O b6 10. Be3 Bb7 11. Qd2 Na5 12. Bd3 c5 13. Bh6 e6 14. Bxg7 Kxg7 15. Rad1 Rc8 16. Rfe1 Qe7 17. Ng3 cxd4 18. cxd4 Rfd8 19. d5 exd5 20. exd5 Qf6 21. Be4 Nc4 22. Qe2 Re8 23. Qg4 Kg8 24. Nh5 Qe5 25. Ng3 Nd6 26. Re2 Rc4 27. f4 Qf6 28. Qf3 Rc3 29. Bd3 Rxe2 30. Nxe2 Ra3 31. Nc1 Qd4+ 32. Qf2 Qxf2+ 33. Kxf2 Ra5 34. Rd2 Bxd5 35. g4 Be6 36. h3 Ra4 37. Kf3 Ra3 38. Ke2 Kg7 39. Rb2 h5 40. gxh5 gxh5 41. h4 Kf6 42. Nb3 Nf5 43. Bxf5 Kxf5 44. Ke3 a5 0-1

[Event "Leningrad Ch sf"]
[Site "Leningrad RUS"]
[Date "1988.??.??"]
[Round "?"]
[White "Yermolinsky, Alex"]
[Black "Tseitlin, Mark D"]
[Result "1-0"]
[WhiteElo "2455"]
[BlackElo "2430"]
[PlyCount "85"]
[EventDate "1988.??.??"]
[Source "www.chesslib.no"]
[SourceDate "2004.05.04"]

1. d4 Nf6 2. c4 g6 3. Nc3 d5 4. cxd5 Nxd5 5. e4 Nxc3 6. bxc3 Bg7 7. Bc4 O-O 8. Ne2 Nc6 9. Bd3 b6 10. O-O Bb7 11. Bg5 Qd6 12. Qd2 Rad8 13. Rad1 Qa3 14. f4 Ba6 15. d5 Rd7 16. Bxa6 Qxa6 17. Qe3 Qa4 18. Qh3 Nb8 19. Nd4 c5 20. Nc6 e6 21. Ne5 Rb7 22. Nxf7 exd5 23. Nd6 Rd7 24. Qe6+ Kh8 25. Be7 Rxe7 26. Qxe7 d4 27. e5 Nc6 28. Qe6 Nd8 29. Qh3 dxc3 30. Qxc3 Ne6 31. f5 gxf5 32. Rde1 f4 33. a3 Qd4+ 34. Qxd4 cxd4 35. Rf2 Kg8 36. Rc2 Rd8 37. Rc6 Bf8 38. Kf2 Rd7 39. Rd1 Nd8 40. Rc8 Bxd6 41. e6 Rc7 42. Rxd8+ Bf8 43. R1xd4 1-0

[Event "Bad Woerishofen op"]
[Site "Bad Woerishofen"]
[Date "1995.??.??"]
[Round "5"]
[White "Boensch, Uwe"]
[Black "Berndt, Stephan"]
[Result "1-0"]
[WhiteElo "2550"]
[BlackElo "2310"]
[PlyCount "85"]
[EventDate "1995.03.??"]
[Source "ChessBase"]

1. d4 Nf6 2. c4 g6 3. Nc3 d5 4. cxd5 Nxd5 5. e4 Nxc3 6. bxc3 Bg7 7. Bc4 O-O 8. Ne2 Nc6 9. O-O b6 10. e5 Na5 11. Bd3 Bb7 12. Nf4 c5 13. Be3 Rc8 14. Qg4 cxd4 15. cxd4 Nc4 16. h4 Ba6 17. Rad1 Nxe3 18. fxe3 Bxd3 19. Rxd3 e6 20. h5 Qe7 21. hxg6 hxg6 22. e4 Rc4 23. Ne2 b5 24. Rh3 b4 25. Rh2 Re8 26. Kh1 Rec8 27. Qh3 Qg5 28. Qh7+ Kf8 29. Rh3 Rc1 30. Nxc1 Rxc1 31. Rhf3 Rxf1+ 32. Rxf1 Qg4 33. Qh3 Qxe4 34. Qxe6 Qh4+ 35. Qh3 Qxh3+ 36. gxh3 Ke7 37. Kg2 f6 38. Rc1 fxe5 39. Rc7+ Kf8 40. d5 Bf6 41. Rxa7 e4 42. d6 Ke8 43. Rh7 1-0

[Event "Bucharest ROM"]
[Site "Bucharest ROM"]
[Date "1993.??.??"]
[Round "?"]
[White "Naumkin, Igor"]
[Black "Vlad, Decebal"]
[Result "1/2-1/2"]
[WhiteElo "2450"]
[BlackElo "2405"]
[PlyCount "66"]
[EventDate "1993.??.??"]
[Source "www.chesslib.no"]
[SourceDate "2004.05.04"]

1. d4 Nf6 2. c4 g6 3. Nc3 d5 4. cxd5 Nxd5 5. e4 Nxc3 6. bxc3 Bg7 7. Bc4 O-O 8. Ne2 Nc6 9. O-O b6 10. Bg5 Bb7 11. Qd2 Qd7 12. Rad1 Na5 13. Bd3 e5 14. Bh6 Rad8 15. Bxg7 Kxg7 16. Qe3 Qe7 17. dxe5 Qxe5 18. f4 Qc5 19. Qxc5 bxc5 20. Ng3 Bc6 21. Be2 Ba4 22. Rxd8 Rxd8 23. Rb1 Rd2 24. Rb8 Rxa2 25. e5 Bd7 26. Bf3 h5 27. Ne4 Bc6 28. Nf6 Bxf3 29. gxf3 Ra4 30. f5 gxf5 31. Rg8+ Kh6 32. Rh8+ Kg6 33. Rg8+ Kh6 1/2-1/2